[Event "Accra zt 4.4"]
[Site "Accra"]
[Date "2019.04.22"]
[Round "2"]
[White "Tossa, Thierry Ulrich"]
[Black "Kpodo, Evans Mawuko"]
[Result "1-0"]
[WhiteElo "1497"]
[BlackElo "1681"]
[PlyCount "28"]
[EventDate "2019.04.21"]
[EventType "swiss"]
[EventRounds "9"]
[EventCountry "GHA"]
[SourceTitle "EXT 2021"]
[Source "ChessBase"]
[SourceDate "2020.10.23"]
[SourceVersion "1"]
[SourceVersionDate "2020.10.23"]
[SourceQuality "1"]

1. e4 c5 2. Nf3 Nc6 3. d4 cxd4 4. Nxd4 e5 5. Nf3 Nf6 6. Bd3 Be7 7. 0-0 h6 8. Nc3 d6 9. h3 0-0 10. Nh2 a6 11. f4 Qb6+ 12. Kh1 exf4 13. Rxf4 Ne5 14. Rf1 Be6 1-0

[Event "Accra zt 4.4"]
[Site "Accra"]
[Date "2019.04.21"]
[Round "1"]
[White "Anquandah, Francis Eric"]
[Black "Tossa, Thierry Ulrich"]
[Result "1-0"]
[WhiteElo "2011"]
[BlackElo "1497"]
[PlyCount "41"]
[EventDate "2019.04.21"]
[EventType "swiss"]
[EventRounds "9"]
[EventCountry "GHA"]
[SourceTitle "EXT 2020"]
[Source "ChessBase"]
[SourceDate "2019.10.17"]
[SourceVersion "1"]
[SourceVersionDate "2019.10.17"]
[SourceQuality "1"]

1. e4 e5 2. Nf3 Nf6 3. d4 exd4 4. e5 Ng8 5. Qxd4 Nc6 6. Qe4 b6 7. Bc4 Bb7 8. Qe2 h6 9. Nc3 Bb4 10. Bd2 Nge7 11. 0-0-0 0-0 12. a3 Bxc3 13. Bxc3 Ng6 14. e6 fxe6 15. Bxe6+ Kh8 16. Rxd7 Qe8 17. Bxg7+ Kh7 18. Bxf8+ Nce7 19. Bxe7 Bxf3 20. Qxf3 Nxe7 21. Qf6 1-0